| 000 | 00790nam0a22002531 4500 | ||
|---|---|---|---|
| 001 | rc\14145 | ||
| 005 | 20250620114429.0 | ||
| 010 |
_a5-88117-008-3 _bПолина _915000 |
||
| 035 | _a(NLR Aleph) 005302633 | ||
| 090 |
_a6304708 _c6304708 |
||
| 100 | _a20021204d1995 |||y0rusy50 ca | ||
| 101 | 0 | _arus | |
| 102 | _aRU | ||
| 105 | _aa ||||||||| | ||
| 200 | 1 |
_aАмерика _e[Для детей _fКуликов А.Н. _gХудож. Матюненко Е.Л.] |
|
| 210 |
_aТверь _cПолина _cМартин _d1995 |
||
| 215 |
_a79 c. _cцв. ил. _d27 |
||
| 225 | 1 | _aБоги и герои | |
| 701 | 1 |
_aКуликов _bА.Н. _gАлександр Николаевич |
|
| 801 | 0 |
_aRU _bNLR _gpsbo |
|
| 801 | 1 |
_aRU _bELAR _2rusmarc |
|
| 852 |
_aNLR _j95-7/673 |
||
| 942 | _cBOOK | ||
| 980 | _aNB | ||